Visualizzazione normale
Vista MARC
- Johnson
di Personal Name
Records bibliografici associati: 1
001 - CONTROL NUMBER
- control field: 30378
003 - CONTROL NUMBER IDENTIFIER
- control field: IT-RoPau
005 - DATE AND TIME OF LATEST TRANSACTION
- control field: 20140618100553.0
008 - FIXED-LENGTH DATA ELEMENTS
- fixed length control field: 140618|| aca||aabn | a|a d
040 ## - CATALOGING SOURCE
- Original cataloging agency: IT-RoPau
- Transcribing agency: IT-RoPau
100 ## - HEADING--PERSONAL NAME
- Personal name: Johnson
- Miscellaneous information: Codice autore SPICS: 20146
- Relator term: Autore
- Name of part/section of a work: Sound Track
670 ## - SOURCE DATA FOUND
- Source citation: Work cat.: (IT-RoPau)98900: AA.VV 794, Cootie Williams